00349nam a2200133Ia 4500003000400000008004100004040001600045082001500061100001900076245004500095260005100140300001000191650001400201GCL140319s9999 xx 000 0 eng d aGCL / cGCL04a128.3bH C1 aHOLLIS, MARTIN10aTHE CUNNING OF REASON / cHOLLIS, MARTIN a[S.N] : bCAMBRIBGE UNIVERSITY PRESS ، c1987 a222 P04aREASONING